Gymnotus ardilai : (Registro nro. 19433)

Detalles MARC
000 -CABECERA
Campo de control 00952nam a22002297a 4500
005 - FECHA Y HORA DE LA ULTIMA TRANSACCION
Campo de control 20170327094607.0
008 - ELEMENTOS DE LONGITUD FIJA—INFORMACION GENERAL
Campo de control 151114s2008 ck ab||| |||| 00| 0 spa d
040 ## - FUENTE DE CATALOGACIÓN
Agencia catalogadora original CO-BoIAVH
Agencia transcriptora CO-BoIAVH
041 ## - IDIOMA
Código de idioma para texto/pista de sonido o título separado Español
044 ## - PAÍS DE PUBLICACIÓN
País de publicación Colombia
082 04 - NUMERO DE CLASIFICACION DECIMAL DEWEY
Número de clasificación 333.956
Número del ítem A65a4
100 1# - ASIENTO PRINCIPAL--NOMBRE PERSONAL
Nombre personal Ardila-Rodríguez, Carlos A.
9 (RLIN) 953
245 10 - MENCION DE TITULO
Título Gymnotus ardilai :
Parte restante del título (Maldonado - Ocampo, Albert, 2004)
Mención de responsabilidad Carlos A. Ardila Rodríguez
260 ## - PUBLICACION, DISTRIBUCION, ETC. (PIE DE IMPRENTA)
Lugar de publicación, distribución, etc. Barranquilla (Colombia) :
Nombre del editor, distribuidor, etc. Universidad Metropolitana de Barranquilla,
Fecha de publicación, distribución, etc. 2008.
300 ## - DESCRIPCION FISICA
Extensión 16 páginas :
Otros detalles físicos ilustraciones y mapas ;
Dimensiones 27 x 21 cm.
500 ## - NOTA GENERAL
Nota general En "peces del departamento de Santander - Colombia).
504 ## - NOTA DE BIBLIOGRAFIA, ETC.
Nota de bibliografía Incluye referencias bibliográficas.
650 26 - ASIENTO SECUNDARIO DE MATERIA - TERMINO TEMATICO
Término temático o nombre geográfico como elemento de entrada Gymnotiformes
Subdivisión geográfica Santander (Departamento, Colombia)
9 (RLIN) 80668
650 26 - ASIENTO SECUNDARIO DE MATERIA - TERMINO TEMATICO
Término temático o nombre geográfico como elemento de entrada Peces de agua dulce
Subdivisión geográfica Santander (Departamento, Colombia)
9 (RLIN) 80669
650 26 - ASIENTO SECUNDARIO DE MATERIA - TERMINO TEMATICO
Término temático o nombre geográfico como elemento de entrada Peces de agua dulce
Subdivisión general Ictiología
Subdivisión geográfica Santander (Departamento, Colombia)
9 (RLIN) 80670
942 ## - ELEMENTOS ADICIONALES (KOHA)
Sistema de clasificación Dewey Decimal Classification
Tipo de ítem Libro
Existencias
Withdrawn status Lost status Sistema de Clasificación Damaged status No para préstamo Colección Inventariado Ubicación Permanente Ubicación actual Fecha de adquisición Fuente de Valor Valor Total Checkouts Número topográfico Inventario / Código de Barras Date last seen Ejemplar Price effective from Forma de adquisición Tipo de material
    Dewey Decimal Classification     General Inventariado 2017 Bogotá Bogotá 27/03/2017 Instituto 39000.00   LB-333.956 A65a4 041043 27/03/2017 Ej. 1 27/03/2017 Donación Libro